600 or more points in International Rugby - Statistics

General Stats
  • This quiz has been taken 400 times
    203 since last reset
  • The average score is 10 of 29
Answer Stats
Points Country Represented Player % Correct
1532 New Zealand Dan Carter
96%
1246 England/Lions Jonny Wilkinson
93%
796 Ireland/Lions Jonny Sexton
77%
1083 Ireland/Lions Ronan O'Gara
75%
649 New Zealand Beauden Barrett
58%
970 Wales/Lions Stephen Jones
54%
1090 Wales/Lions Neil Jenkins
47%
733 Scotland/Lions Gavin Hastings
45%
967 New Zealand Andrew Mehrtens
42%
893 South Africa Percy Montgomery
42%
645 New Zealand Grant Fox
40%
911 Australia Michael Lynagh
39%
1010 Argentina/Italy Diego Dominguez
37%
736 South Africa Morne Steyn
36%
809 Scotland Chris Paterson
35%
748 Argentina Nicolas Sanchez
28%
651 Argentina Felipe Contepomi
25%
878 Australia Matthew Burke
25%
651 Argentina/Sth America Hugo Porta
23%
693 Australia Matt Giteau
23%
713 Scotland Greig Laidlaw
21%
622 Australia Bernard Foley
20%
670 Fiji Nicky Little
15%
906 England/Lions Owen Farrell
13%
951 Romania Florin Vlaicu
7%
711 Japan Ayumu Goromaru
4%
607 Canada James Pritchard
3%
840 Georgia Merab Kvirikashvili
3%
777 Russia Yuri Kushnarev
1%
No matching quizzes found
Score Distribution
Percent of People with Each Score
Percentile by Number Answered
Your Score History
You have not taken this quiz since the last reset